Normal view
MARC view
Entry Personal Name
001 - CONTROL NUMBER
- control field: 856438
003 - CONTROL NUMBER IDENTIFIER
- control field:
005 - DATE AND TIME OF LATEST TRANSACTION
- control field: 20210627084118.0
008 - FIXED-LENGTH DATA ELEMENTS
- fixed length control field: 210627|| aca||aabn | a|a d
040 ## - CATALOGING SOURCE
- Original cataloging agency:
- Transcribing agency:
100 ## - HEADING--PERSONAL NAME
- Personal name: Haskell, Juliana,
- Dates associated with a name: b. 1875
670 ## - SOURCE DATA FOUND
- Source citation: Work cat.: ()739458: Haskell, Juliana, b. 1875, Bayard Taylor's translation of Goethe's Faust /, 1908
